| 000 | 00335nam a22000977a 4500 | ||
|---|---|---|---|
| 008 | 150619t xxu||||| |||| 00| 0 eng d | ||
| 245 |
_aTH-BS-Identification of chromosomal anomalies in HCV-infected patients by using cytogenetic technique (karyotyping) _hThesis |
||
| 260 |
_aNUST ISLAMABAD _bASAB NUST |
||
| 300 | _a90 | ||
| 942 |
_2ddc _cTH |
||
| 999 |
_c479703 _d479703 |
||